Škôlka, v ktorej byť iným je normálne Nad perspektívou špecializovanej pedagogickej výučby v Materskej škole pri Drocárovom parku

Bibliographic Details
Main Author: Piroš, Alexander (Author)
Corporate Author: Materská škola, Drocárovský park (Košice, Slovensko) (Author)
Format: Article
Language:Slovak
PhysicalDescription:4 obr.
Subjects:

MARC

LEADER 00000nab a2200000 a 4500
001 vtls000904693
003 SK-MaSNL
005 20260304002115.0
008 040720e20000825xo 0 slo
035 |a KE13645 
040 |a KEVKJB  |b slo  |c KEVKJB  |e AACR2 
041 0 |a slo 
044 |a xo  |c SK 
080 |a 376.2  |2 1981 
100 1 |a Piroš, Alexander  |4 aut  |9 514343 
245 1 0 |a Škôlka, v ktorej byť iným je normálne  |b Nad perspektívou špecializovanej pedagogickej výučby v Materskej škole pri Drocárovom parku 
300 |b 4 obr. 
610 2 7 |a Materská škola, Drocárovský park (Košice, Slovensko)  |2 KEVKJB  |9 30473 
611 1 7 |a metóda Montessori  |2 KEVKJB  |9 879216 
650 0 7 |a špeciálna pedagogika  |2 KEVKJB  |9 958 
650 0 7 |a školy maďarské  |2 KEVKJB  |9 884999 
651 7 |a Košice (Slovensko)  |2 KEVKJB  |9 18694 
651 7 |a KE,  |2 KEVKJB  |9 877256 
655 7 |a periodikum  |2 snkbucl  |9 29553 
710 2 |a Materská škola, Drocárovský park (Košice, Slovensko)  |4 aut  |9 30473 
773 0 8 |t Košický večer  |g Roč. 11  |g Roč. 32, 25.8.2000, s. 12 
773 0 8 |i Príl.:  |t Magazín. - Roč. 5, č. 34 (2000) 
852 |a ZVYKNI  |b KIS3GCP 
999 |c 2540252  |d 2542182